[Event "Mechanics' Summer TNM; G/2"]
[Site "San Francisco"]
[Date "2016.06.07"]
[Round "3.20"]
[White "Lawless, Kerry Hamilton"]
[Black "Argo, Guy"]
[Result "1-0"]
[WhiteElo "2274"]
[BlackElo "1937"]
[PlyCount "73"]
[EventDate "2016.??.??"]

1. e4 e5 2. d4 exd4 3. c3 dxc3 4. Nxc3 d6 5. Bc4 Be6 6. Bxe6 fxe6 7. Qb3 Qc8 8.
f4 Nc6 9. Nf3 Be7 10. O-O Nf6 11. Ng5 Nd8 12. f5 e5 13. Bd2 h6 14. Nf3 g5 15.
Rac1 c6 16. Qc4 Qd7 17. Rcd1 g4 18. Nh4 d5 19. exd5 cxd5 20. Qe2 Nc6 21. Ng6
O-O-O 22. Nxe5 Nxe5 23. Qxe5 Rde8 24. Qd4 Qc6 25. b4 Bd8 26. Kh1 Bb6 27. Qf4 d4
28. b5 Qd7 29. Na4 Bc7 30. Rc1 Re4 31. Qg3 Nh5 32. Qh4 Qf7 33. Nc5 Re7 34. f6
Re5 35. Qxg4+ Kb8 36. Nd7+ Ka8 37. Rxc7 1-0

[Event "Mechanics' Summer TNM; G/2"]
[Site "San Francisco"]
[Date "2016.07.12"]
[Round "8.4"]
[White "Lee, Andy C"]
[Black "Bayaraa, Chinguun"]
[Result "1-0"]
[WhiteElo "2390"]
[BlackElo "1949"]
[PlyCount "57"]
[EventDate "2016.??.??"]

1. e4 c5 2. Nf3 d6 3. d4 cxd4 4. Nxd4 Nf6 5. Nc3 a6 6. Bg5 e6 7. f4 Be7 8. Qf3
Qc7 9. O-O-O Nbd7 10. Bd3 b5 11. Rhe1 Bb7 12. Qg3 h6 13. Bh4 g5 14. fxg5 Nh5
15. Qe3 Ne5 16. Be2 hxg5 17. Bxg5 b4 18. Nd5 exd5 19. Nf5 Rc8 20. Kb1 Bf8 21.
Qh3 Qxc2+ 22. Ka1 Nc4 23. Bxc4 dxc4 24. Rxd6 Bxd6 25. Nxd6+ Kf8 26. Qd7 Rh7 27.
Qxb7 Re8 28. Nxe8 c3 29. Qxb4+ 1-0

[Event "Mechanics' Summer TNM; G/2"]
[Site "San Francisco"]
[Date "2016.06.07"]
[Round "3.1"]
[White "Lee, Andy C"]
[Black "Hua, Arnold"]
[Result "1-0"]
[WhiteElo "2390"]
[BlackElo "1954"]
[PlyCount "49"]
[EventDate "2016.??.??"]

1. e4 d5 2. exd5 Nf6 3. d4 Nxd5 4. Nf3 e6 5. c4 Nf6 6. Nc3 Be7 7. g3 O-O 8. Bg2
c6 9. O-O Re8 10. Qe2 Nbd7 11. Rd1 Nf8 12. Ne5 a6 13. a3 Bd7 14. Be3 Rb8 15.
Rd3 Ra8 16. Rad1 Rb8 17. Bf4 Ra8 18. h4 Ra7 19. Bc1 Ra8 20. g4 h6 21. g5 hxg5
22. hxg5 N6h7 23. Qh5 g6 24. Qf3 Nxg5 25. Bxg5 1-0

[Event "Mechanics' Summer TNM; G/2"]
[Site "San Francisco"]
[Date "2016.06.21"]
[Round "5.4"]
[White "Lee, Andy C"]
[Black "Murugappan, Ganesh"]
[Result "1-0"]
[WhiteElo "2390"]
[BlackElo "2057"]
[Annotator "Donaldson"]
[PlyCount "114"]
[EventDate "2016.??.??"]

1. e4 c5 2. Nf3 Nc6 3. d4 cxd4 4. Nxd4 g6 5. c4 Bg7 6. Nc2 Nf6 (6... d6 7. Be2
Nh6 {intending ...f5 was another way to handle the position.}) 7. Nc3 O-O 8.
Be2 d6 9. O-O Nd7 10. Bd2 Nc5 (10... a5) 11. b4 Ne6 (11... Bxc3 12. Bxc3 Nxe4
13. Bb2 {gives White terrific compensation for the pawn.}) 12. Rc1 a5 13. a3
axb4 14. axb4 Ned4 15. Nxd4 Nxd4 16. Be3 Nxe2+ 17. Qxe2 Be6 18. Rfd1 Bxc3 (
18... Ra3 19. Nd5 (19. Nb5 Ra4 $11) 19... Bxd5 $11) 19. Rxc3 Qc7 20. Qc2 (20.
c5 $14) 20... Rfc8 21. b5 Qa5 (21... Bxc4 $4 22. Rc1) 22. Qd3 Qb4 23. Rdc1 Ra4
24. Rb1 Qa5 25. c5 dxc5 26. Rxc5 Rd8 $11 27. Qc2 Ra1 28. h3 Rxb1+ 29. Qxb1 Qa4
30. Kh2 Rd1 31. Qc2 Qxc2 32. Rxc2 Kg7 33. b6 Rd8 34. Rc7 Rd7 35. Rc3 Rd1 36. g4
f6 37. f4 f5 38. exf5 gxf5 39. Kg3 Kf7 40. Kh4 Rh1 41. Kg3 Rd1 42. Bf2 Kf6 43.
Bc5 Rb1 44. Bd4+ Kf7 45. Rc7 Rb3+ 46. Kh4 Rd3 47. Be5 Rd7 48. Rc3 Rd1 49. Rc7
Rd7 50. Rc2 Rd1 51. Rc3 fxg4 52. hxg4 Rh1+ 53. Kg3 Rb1 54. f5 Bd5 55. Rc8 Rxb6
56. Rh8 h6 57. Rh7+ Ke8 {
The players quit recording here. White won in a time scramble.} 1-0

[Event "Mechanics' Summer TNM; G/2"]
[Site "San Francisco"]
[Date "2016.05.24"]
[Round "1.1"]
[White "Lee, Andy C"]
[Black "Paquette, James"]
[Result "1-0"]
[WhiteElo "2390"]
[BlackElo "1651"]
[PlyCount "59"]
[EventDate "2016.??.??"]

1. e4 g6 2. d4 Bg7 3. Nc3 c5 4. d5 Qa5 5. Nf3 Bxc3+ 6. bxc3 Qxc3+ 7. Bd2 Qg7 8.
Rb1 e6 9. Rb3 Ne7 10. Bc3 f6 11. Bc4 e5 12. Nd2 d6 13. Be2 Ng8 14. O-O Qc7 15.
f4 Nd7 16. fxe5 fxe5 17. Nc4 Ngf6 18. Qe1 b6 19. Qh4 Rf8 20. Bd2 Ba6 $2 {
Diagram [#]} 21. Nxd6+ $1 Qxd6 22. Bxa6 Rf7 23. Rbf3 Ke7 24. Bb5 Raf8 25. Bh6
c4 26. Bxd7 Kxd7 27. Bxf8 Rxf8 28. Rxf6 Qc5+ 29. Kh1 Qe7 30. Qg4+ 1-0

[Event "Mechanics' Fall TNM; G/2"]
[Site "San Francisco"]
[Date "2016.11.08"]
[Round "4.33"]
[White "Leou-On, Tien"]
[Black "Chan, John"]
[Result "0-1"]
[WhiteElo "1331"]
[BlackElo "1595"]
[PlyCount "70"]
[EventDate "2016.??.??"]

1. e4 e6 2. d4 d5 3. Nc3 Nf6 4. Bg5 Be7 5. e5 Nfd7 6. Bxe7 Qxe7 7. Nb5 Na6 8.
Nf3 Nb6 9. Na3 Nb8 10. Qd2 h6 11. Be2 a6 12. O-O Nc6 13. Rac1 Bd7 14. Ne1 Na4
15. c3 b5 16. Nd3 Nb6 17. f4 g6 18. Qe1 Qd8 19. g4 Qe7 20. f5 gxf5 21. gxf5
exf5 22. Kh1 O-O-O 23. Nc5 Nb8 24. Bd3 Rhg8 25. b3 Rg5 26. c4 dxc4 27. Nxd7
N6xd7 28. Bxf5 Qxa3 29. Qf2 Rdg8 30. e6 fxe6 31. Bxe6 Rd8 32. bxc4 bxc4 33.
Rxc4 Qd3 34. Rfc1 Qe4+ 35. Qg2 Qxg2# 0-1

[Event "Mechanics' Fall TNM; G/2"]
[Site "San Francisco"]
[Date "2016.10.25"]
[Round "2.32"]
[White "Leou-On, Tien"]
[Black "Sherwood, Peter"]
[Result "0-1"]
[WhiteElo "1331"]
[BlackElo "1688"]
[Annotator "Sherwood"]
[PlyCount "74"]
[EventDate "2016.??.??"]

1. e4 c5 2. c3 Nf6 3. d4 cxd4 4. e5 Nd5 5. Qxd4 e6 6. Nf3 Nc6 7. Qe4 Be7 8. Na3
Bxa3 $6 9. bxa3 Nxc3 10. Qg4 Rg8 11. Bb2 $6 {
bishop belongs on the c1-h6 diagonal} Nd5 12. Bd3 Qa5+ 13. Kf1 g6 14. Re1 Nde7
15. Ng5 Rg7 (15... Qd2 $1 {while Ng5 is protected only by queen}) 16. h4 Qd2
17. Rh3 $2 (17. Qe2 Qxe2+ 18. Bxe2) 17... Qxb2 18. f4 h5 19. Qd1 Qd4 (19... Nd5
$142) 20. Rf3 b6 21. Ne4 Nf5 22. g3 Ke7 23. Qc2 Bb7 24. Rd1 $2 Ne3+ 25. Ke2 $4
(25. Rxe3 Qxe3) 25... Nxc2 26. Bxc2 Qb2 27. Kd2 Nd4 28. Rc3 Bxe4 29. Re3 Qxc2+
30. Ke1 Nf3+ 31. Rxf3 Bxf3 32. Rd2 Qe4+ 33. Kf2 Rc8 34. g4 Bxg4 35. f5 Qf3+ 36.
Ke1 Rc1+ 37. Rd1 Rxd1# 0-1

[Event "Mechanics' Summer TNM; G/2"]
[Site "San Francisco"]
[Date "2016.06.14"]
[Round "4.37"]
[White "Lesquillier, Walte"]
[Black "Ablang, Janoah"]
[Result "1-0"]
[WhiteElo "1623"]
[BlackElo "824"]
[PlyCount "59"]
[EventDate "2016.??.??"]

1. Nf3 c5 2. c4 Nc6 3. g3 e5 4. Nc3 Nf6 5. Bg2 Be7 6. O-O O-O 7. e3 d6 8. a3
Bg4 9. Qc2 d5 10. cxd5 Nxd5 11. Nxd5 Qxd5 12. Ng5 e4 13. Nxe4 Qd7 14. f3 Bf5
15. Rd1 b6 16. b3 Rad8 17. Bb2 f6 18. Rac1 Na5 19. Bc3 Nb7 20. Qb2 Nd6 21. Nxd6
Qxd6 22. d4 Rd7 23. e4 Be6 24. Bf1 a5 25. Be2 Rfd8 26. Bf1 Bh3 27. Be2 f5 28.
d5 Bf6 29. e5 Qf8 30. exf6 1-0

[Event "Mechanics' Summer TNM; G/2"]
[Site "San Francisco"]
[Date "2016.05.31"]
[Round "2.33"]
[White "Lesquillier, Walte"]
[Black "Giridharan, Durgashankar"]
[Result "1/2-1/2"]
[WhiteElo "1623"]
[BlackElo "1199"]
[PlyCount "67"]
[EventDate "2016.??.??"]

1. c4 e5 2. Nc3 Nf6 3. g3 d5 4. cxd5 Nxd5 5. Bg2 Nxc3 6. bxc3 Bc5 7. Nf3 Nc6 8.
d3 O-O 9. O-O f5 10. Qb3+ Kh8 11. Nxe5 Bxf2+ 12. Rxf2 Nxe5 13. Rf1 Re8 14. Qc2
c6 15. Bh3 Ng4 16. Bxg4 fxg4 17. e4 Be6 18. Be3 h5 19. Rf4 Qe7 20. a4 b6 21. c4
Rf8 22. Qc3 Rxf4 23. Bxf4 Rf8 24. Qe5 Qe8 25. c5 bxc5 26. Qxc5 Qf7 27. Rb1 Kh7
28. Bd6 Ba2 29. Rc1 Rc8 30. Rf1 Qd7 31. Qxh5+ Kg8 32. Qc5 Rd8 33. e5 Be6 34.
Rb1 1/2-1/2

[Event "Mechanics' Spring TNM; G/2"]
[Site "San Francisco"]
[Date "2016.03.22"]
[Round "2.34"]
[White "Lesquillier, Walter"]
[Black "Aafjes, Marc"]
[Result "1-0"]
[WhiteElo "1729"]
[BlackElo "1311"]
[PlyCount "77"]
[EventDate "2016.??.??"]

1. g3 d5 2. c4 c6 3. Nf3 Nf6 4. Bg2 Bf5 5. b3 Nbd7 6. Bb2 e6 7. O-O Qb6 8. d3
Bc5 9. Nc3 Ng4 10. d4 Be7 11. Nd2 O-O 12. e4 dxe4 13. Ndxe4 Rad8 14. Qe2 Ndf6
15. Na4 Qc7 16. Nac5 b6 17. Nd3 Rfe8 18. f3 Nh6 19. Ne5 c5 20. Rad1 Bxe4 21.
fxe4 cxd4 22. Nd3 Nfg4 23. Bc1 Ne3 24. Bxe3 dxe3 25. Bf3 f5 26. Qxe3 Bc5 27.
Nxc5 Qxc5 28. Qxc5 bxc5 29. Kf2 fxe4 30. Bxe4 Ng4+ 31. Ke2 Nxh2 32. Rxd8 Rxd8
33. Rh1 Ng4 34. Bxh7+ Kf7 35. Rh5 Nf6 36. Rh4 g6 37. Rh6 Nxh7 38. Rxh7+ Kf6 39.
Rxa7 1-0

[Event "Mechanics' Spring TNM; G/2"]
[Site "San Francisco"]
[Date "2016.04.05"]
[Round "4.13"]
[White "Lesquillier, Walter"]
[Black "Anderson, Michael"]
[Result "1/2-1/2"]
[WhiteElo "1729"]
[BlackElo "1962"]
[PlyCount "75"]
[EventDate "2016.??.??"]

1. Nf3 c5 2. c4 g6 3. g3 Bg7 4. Bg2 Nc6 5. Nc3 Nf6 6. O-O O-O 7. d3 d6 8. Bg5
h6 9. Bd2 Bd7 10. e3 Ng4 11. h3 Nge5 12. Nxe5 Nxe5 13. Qe2 Bc6 14. Rad1 Qd7 15.
e4 f5 16. f4 Nf7 17. Be3 e5 18. Qd2 Rae8 19. Nd5 b6 20. Kh2 Kh7 21. Rde1 Nd8
22. b3 Ne6 23. Qc1 Nd4 24. Bxd4 cxd4 25. Qd2 Rf7 26. Qb4 Ref8 27. Qd2 h5 28.
Rf2 Bxd5 29. cxd5 Bh6 30. Ref1 exf4 31. gxf4 Qd8 32. Qe2 fxe4 33. Qxe4 Qh4 34.
f5 Qxe4 35. Bxe4 gxf5 36. Rxf5 Rxf5 37. Rxf5 Rxf5 38. Bxf5+ {
and drawn in another 75 moves.} 1/2-1/2

[Event "Mechanics' Spring TNM; G/2"]
[Site "San Francisco"]
[Date "2016.04.26"]
[Round "7.17"]
[White "Lesquillier, Walter"]
[Black "McKellar, Daniel"]
[Result "1-0"]
[WhiteElo "1723"]
[BlackElo "1616"]
[PlyCount "63"]
[EventDate "2016.??.??"]

1. Nf3 d5 2. d4 Nf6 3. c4 c6 4. Nc3 e6 5. Bg5 h6 6. Bxf6 Qxf6 7. e3 Nd7 8. Be2
dxc4 9. Bxc4 b5 10. Bd3 Bb7 11. O-O a6 12. a4 b4 13. Ne4 Qd8 14. Rc1 Rc8 15.
Qe2 Qa5 16. b3 Be7 17. Ned2 O-O 18. Nc4 Qd8 19. Rfd1 a5 20. Nce5 Qe8 21. Ba6
Bxa6 22. Qxa6 c5 23. Qxa5 Nxe5 24. Nxe5 f6 25. Nd3 Qh5 26. Nf4 Qf5 27. Qa6 Kf7
28. f3 e5 29. Qc4+ Ke8 30. Ne6 Rf7 31. Qb5+ Rc6 32. Qxc6# 1-0

[Event "Mechanics' Summer TNM; G/2"]
[Site "San Francisco"]
[Date "2016.07.12"]
[Round "8.29"]
[White "Lesquillier, Walter"]
[Black "Simpkins, Jerry"]
[Result "1-0"]
[WhiteElo "1623"]
[BlackElo "1538"]
[PlyCount "39"]
[EventDate "2016.??.??"]

1. Nc3 Nf6 2. e4 e5 3. Bc4 Bb4 4. d3 c6 5. Nf3 d5 6. exd5 cxd5 7. Bb5+ Bd7 8.
O-O d4 9. Bxd7+ Nbxd7 10. Ne2 Rc8 11. c3 dxc3 12. bxc3 Ba5 13. Ba3 Nd5 14. Qa4
f6 15. Rab1 Bb6 16. d4 Ne7 17. dxe5 O-O 18. Rfd1 Nc6 19. Bxf8 Kxf8 20. e6 1-0

[Event "Mechanics' Summer TNM; G/2"]
[Site "San Francisco"]
[Date "2016.07.12"]
[Round "8.6"]
[White "Lewis, Edward Mich"]
[Black "Byambaa, Uyanga"]
[Result "0-1"]
[WhiteElo "1911"]
[BlackElo "2210"]
[PlyCount "86"]
[EventDate "2016.??.??"]

1. Nf3 Nf6 2. g3 g6 3. Bg2 Bg7 4. c4 O-O 5. Nc3 d6 6. d3 e5 7. O-O Nc6 8. Bg5
h6 9. Bxf6 Bxf6 10. Nd5 Bg7 11. Rb1 a5 12. b3 f5 13. Nd2 Ne7 14. Qc2 c6 15. Nc3
f4 16. Nce4 Nf5 17. Nf3 g5 18. g4 Ne7 19. h3 d5 20. cxd5 cxd5 21. Nc3 Be6 22.
Nb5 Rc8 23. Qd2 Nc6 24. Rfd1 Qb6 25. Nc3 Rfd8 26. Rbc1 e4 27. Na4 Qa7 28. Nh2
Bd4 29. dxe4 Bxf2+ 30. Kh1 Be3 31. Qd3 Bxc1 32. exd5 Ne5 33. Qb1 Qe3 34. Nb6
Qxb6 35. Nf3 Bxd5 36. Rxd5 Rxd5 37. Nh2 Rd1+ 38. Nf1 Qf2 39. Qf5 Rxf1+ 40. Bxf1
Qxf1+ 41. Kh2 Qxe2+ 42. Kh1 Qf1+ 43. Kh2 Nf3# 0-1

[Event "Mechanics' Summer TNM; G/2"]
[Site "San Francisco"]
[Date "2016.05.24"]
[Round "1.22"]
[White "Lewis, Edward Mich"]
[Black "Enkh, Tergelsar"]
[Result "1-0"]
[WhiteElo "1911"]
[BlackElo "1205"]
[PlyCount "67"]
[EventDate "2016.??.??"]

1. Nf3 Nf6 2. g3 d5 3. Bg2 Bg4 4. Ne5 Bf5 5. d3 e6 6. c4 c6 7. cxd5 cxd5 8. Nc3
Nbd7 9. Qa4 Bd6 10. Nxd7 Qxd7 11. Qb3 O-O 12. O-O Rfc8 13. Bg5 Be7 14. Rfd1 h6
15. Bxf6 Bxf6 16. Rac1 a6 17. h3 b5 18. e4 Bxc3 19. bxc3 Bg6 20. exd5 Ra7 21.
dxe6 fxe6 22. d4 Bf7 23. Qb2 Rac7 24. Re1 g5 25. Re3 Qd6 26. Rce1 Kg7 27. Bf3
Kg6 28. Bg4 Kf6 29. Qe2 Re7 30. f4 Rce8 31. Re5 Bg8 32. Rf1 Kg6 33. fxg5 hxg5
34. Qe3 1-0

[Event "Mechanics' Summer TNM; G/2"]
[Site "San Francisco"]
[Date "2016.06.28"]
[Round "6.18"]
[White "Lewis, Edward Mich"]
[Black "Erickson, Lane Austin"]
[Result "1-0"]
[WhiteElo "1911"]
[BlackElo "1462"]
[PlyCount "73"]
[EventDate "2016.??.??"]

1. d4 Nf6 2. Nf3 d5 3. c4 c6 4. e3 Bg4 5. cxd5 cxd5 6. Bb5+ Nc6 7. Nc3 a6 8.
Bxc6+ bxc6 9. Qa4 Qb6 10. Ne5 Bd7 11. O-O e6 12. Qc2 c5 13. dxc5 Qc7 14. Nd3
Bxc5 15. Bd2 Bd6 16. h3 Ne4 17. Rfc1 Nxd2 18. Qxd2 Qd8 19. e4 d4 20. Ne2 e5 21.
f4 f6 22. a4 O-O 23. b4 Rc8 24. Qa2+ Kh8 25. Qd5 Rxc1+ 26. Nexc1 Qc7 27. fxe5
fxe5 28. b5 Bc8 29. Na2 Bb7 30. Qe6 Bxe4 31. Rc1 Qe7 32. Qxe7 Bxe7 33. Nxe5 Kg8
34. Re1 Bc2 35. b6 d3 36. Nxd3 Bxd3 37. Rxe7 1-0

[Event "Mechanics' Alan Benson TNM; G/2"]
[Site "San Francisco"]
[Date "2016.08.09"]
[Round "2.3"]
[White "Li, Gordon S Arai"]
[Black "Doyle, Bryon"]
[Result "0-1"]
[WhiteElo "1737"]
[BlackElo "2209"]
[PlyCount "56"]
[EventDate "2016.??.??"]

1. e4 c5 2. Nf3 Nc6 3. d4 cxd4 4. Nxd4 g6 5. Nc3 Bg7 6. Be3 Nf6 7. f3 O-O 8.
Qd2 d5 9. exd5 Nxd5 10. Nxd5 Qxd5 11. Nxc6 bxc6 12. Qxd5 cxd5 13. O-O-O Rd8 14.
c3 e5 15. Be2 Be6 16. Kb1 a5 17. Rd2 a4 18. Rhd1 a3 19. b3 d4 20. cxd4 exd4 21.
Bxd4 Bh6 22. Be3 Bf5+ 23. Ka1 Bg7+ 24. Bd4 Rxd4 25. Rxd4 Rd8 26. Bd3 Rxd4 27.
Kb1 Bxd3+ 28. Kc1 Bh6+ 0-1

[Event "Mechanics' Fall TNM; G/2"]
[Site "San Francisco"]
[Date "2016.11.15"]
[Round "5.11"]
[White "Lin, Aung Tun"]
[Black "Askin, Michael Chr"]
[Result "0-1"]
[WhiteElo "1681"]
[BlackElo "2039"]
[Annotator "Donaldson"]
[PlyCount "100"]
[EventDate "2016.??.??"]

1. Nf3 d5 2. e3 Nf6 3. b3 Bg4 4. Bb2 Nbd7 5. Be2 e6 6. O-O Bd6 7. h3 h5 8. d3
Qe7 9. Nbd2 O-O-O 10. Nd4 Bxe2 11. Qxe2 a6 12. f4 Rdg8 13. N4f3 Bc5 14. a3 Ng4
$5 15. d4 Bd6 16. c4 c6 17. b4 (17. cxd5 cxd5 18. hxg4 hxg4 19. Ne5 Bxe5 20.
fxe5 Qh4 21. Rf4 f5 {leads to murky play.}) 17... Nh6 18. Rfc1 Kb8 19. b5 axb5
20. cxb5 c5 21. dxc5 Nxc5 22. a4 Nf5 $1 23. Kf2 Rc8 24. a5 f6 25. a6 b6 26. Bd4
$2 (26. Nd4) 26... e5 27. fxe5 fxe5 28. a7+ Ka8 29. Bb2 e4 30. Nd4 Qh4+ 31. Kg1
{Diagram #} Nxd4 $2 (31... Ng3 $1 32. Qd1 (32. Qf2 Rcf8) 32... Qg5) 32. Bxd4
Rhf8 (32... Qg5 $1) (32... Qg3 33. Nf1) 33. Bxc5 Rxc5 34. Rxc5 Bxc5 35. Rf1 $4
(35. Nb3) 35... Rxf1+ 36. Nxf1 Qf4 $1 (36... Qg5) 37. Qf2 Qf6 (37... Qg5) 38.
Qg3 Bd6 39. Qe1 Kxa7 40. Qd1 Qe5 41. Qa4+ Kb8 42. Qa6 Bc5 43. Qa2 h4 44. Qf2
Qf6 45. Qe2 Qf5 46. Qb2 d4 $1 47. Qb3 (47. exd4 Qf6) 47... dxe3 48. Nxe3 Bxe3+
49. Qxe3 Qc5 50. Kf2 Kc7 0-1

[Event "Mechanics' Fall TNM; G/2"]
[Site "San Francisco"]
[Date "2016.12.06"]
[Round "8.26"]
[White "Lin, Aung Tun"]
[Black "Brown, Nicholas M"]
[Result "1-0"]
[WhiteElo "1681"]
[BlackElo "1419"]
[PlyCount "65"]
[EventDate "2016.??.??"]

1. Nf3 d5 2. b3 Nf6 3. Bb2 e6 4. e3 Be7 5. Ne5 O-O 6. f4 Nbd7 7. Be2 c5 8. Nf3
b6 9. O-O Bb7 10. Qe1 Rc8 11. d3 Re8 12. Nbd2 Bd6 13. Ne5 Re7 14. Qh4 Nf8 15.
Rf3 Ng6 16. Nxg6 fxg6 17. Bxf6 gxf6 18. Qxf6 d4 19. e4 Qe8 20. Nc4 Bc7 21. Raf1
Rf7 22. Qg5 Qf8 23. a4 Qg7 24. Rh3 Rcf8 25. e5 Rf5 26. Qg3 Qf7 27. Rh4 Kh8 28.
Bf3 Bxf3 29. Rxf3 g5 30. fxg5 Rxf3 31. gxf3 Bd8 32. f4 Bc7 33. g6 1-0

[Event "Mechanics' Fall TNM; G/2"]
[Site "San Francisco"]
[Date "2016.11.01"]
[Round "3.34"]
[White "Lin, Aung Tun"]
[Black "Hilliard, Michael"]
[Result "1-0"]
[WhiteElo "1681"]
[BlackElo "1400"]
[PlyCount "79"]
[EventDate "2016.??.??"]

1. Nf3 d5 2. b3 Nf6 3. Bb2 e6 4. e3 Bd6 5. Ne5 Nbd7 6. f4 c6 7. Ng4 O-O 8. Qf3
Re8 9. Qg3 Nxg4 10. Qxg4 Nf6 11. Qg3 e5 12. fxe5 Ne4 13. Qf4 g5 14. Qf3 Bxe5
15. d4 Bd6 16. Bd3 Re6 17. Qh5 Qf6 18. Rf1 Qg6 19. Qxg6+ fxg6 20. g3 Bd7 21.
Nd2 Bb4 22. Bc1 Rae8 23. Ke2 Nc3+ 24. Kf2 Rxe3 25. Nf3 R3e7 26. Nxg5 Bg4 27.
Bf4 Be2 28. Rfe1 Bxd3 29. Rxe7 Rxe7 30. cxd3 Re2+ 31. Kf3 Be7 32. Nh3 Rxa2 33.
Re1 Kf8 34. Nf2 Rb2 35. Bh6+ Kf7 36. Ng4 Bf6 37. Ke3 Nb5 38. Rf1 Rxb3 39. Nxf6
Rb4 40. Nxd5+ 1-0

[Event "Mechanics' Fall TNM; G/2"]
[Site "San Francisco"]
[Date "2016.10.25"]
[Round "2.33"]
[White "Lin, Aung Tun"]
[Black "Tuck, Drew"]
[Result "1/2-1/2"]
[WhiteElo "1681"]
[BlackElo "1341"]
[PlyCount "90"]
[EventDate "2016.??.??"]

1. f4 d5 2. Nf3 Bg4 3. e3 Nd7 4. Bb5 c6 5. Be2 Bxf3 6. Bxf3 Ngf6 7. d3 e5 8.
fxe5 Nxe5 9. Nd2 Bd6 10. O-O O-O 11. b3 Re8 12. Bb2 Qe7 13. Re1 Qc7 14. Qe2 Re6
15. Nf1 Rae8 16. h3 Ng6 17. Bg4 Nxg4 18. Qxg4 Bc5 19. Bc1 Qd6 20. Bd2 Qe7 21.
d4 Bd6 22. g3 Nh4 23. Qxh4 Qxh4 24. gxh4 Rh6 25. e4 Rxh4 26. e5 Bc7 27. Re3
Rxd4 28. Rae1 Rxd2 29. Nxd2 Bb6 30. Kg2 Bxe3 31. Rxe3 Re6 32. Kf2 Rg6 33. c4
dxc4 34. Nxc4 b6 35. Rd3 Kf8 36. Rd7 a5 37. Nxb6 c5 38. Ra7 Rxb6 39. Rxa5 Rc6
40. Ra4 Ke7 41. Rc4 Kd7 42. Ke3 Ra6 43. a4 Rb6 44. Rc3 Ke6 45. Ke4 Rb4+ 1/2-1/2

[Event "Mechanics' Summer TNM; G/2"]
[Site "San Francisco"]
[Date "2016.05.24"]
[Round "1.7"]
[White "Lin, Michael"]
[Black "Hack, Richard"]
[Result "1-0"]
[WhiteElo "2152"]
[BlackElo "1577"]
[PlyCount "117"]
[EventDate "2016.??.??"]

1. e4 e5 2. Nf3 Nc6 3. Bb5 a6 4. Ba4 Nf6 5. O-O Nxe4 6. d4 b5 7. Bb3 d5 8. dxe5
Be6 9. Nbd2 Bc5 10. Qe2 Nxf2 11. Rxf2 O-O 12. Nf1 Bxf2+ 13. Qxf2 f6 14. exf6
Qxf6 15. Bg5 Qf5 16. Ne3 Qf7 17. Qd2 h6 18. Bh4 d4 19. Nxd4 Nxd4 20. Qxd4 Bxb3
21. axb3 c6 22. Rf1 Qe6 23. Rxf8+ Rxf8 24. h3 Re8 25. Bf2 Rb8 26. g4 g6 27. Qf4
Rb7 28. Qxh6 Rh7 29. Qg5 Rxh3 30. Kg2 Rh7 31. Qd8+ Kg7 32. Qg5 Qe4+ 33. Kg3 Kf7
34. Qf4+ Qxf4+ 35. Kxf4 Kf6 36. Be1 g5+ 37. Ke4 Re7+ 38. Kf3 Ra7 39. b4 Rd7 40.
Bc3+ Ke6 41. Ke4 Rd8 42. Nf5 Rd1 43. Nd4+ Kd6 44. Kf5 c5 45. bxc5+ Kxc5 46.
Nb3+ Kd6 47. Kxg5 Ke6 48. Kg6 Ke7 49. Bb4+ Ke8 50. g5 Rg1 51. Kf6 Rf1+ 52. Kg7
Rf2 53. Nd4 Rf4 54. Bc5 Re4 55. g6 Re5 56. b4 a5 57. Nc6 Re2 58. Nxa5 Rxc2 59.
Nb7 1-0

[Event "Mechanics' Summer TNM; G/2"]
[Site "San Francisco"]
[Date "2016.06.14"]
[Round "4.20"]
[White "Lourme, Nicholas"]
[Black "Krasnov, Steven Le"]
[Result "0-1"]
[WhiteElo "1808"]
[BlackElo "1993"]
[Annotator "Donaldson"]
[PlyCount "64"]
[EventDate "2016.??.??"]

1. d4 d5 2. Nf3 c6 3. e3 Nf6 4. c4 e6 5. Nc3 Nbd7 6. Bd3 dxc4 7. Bxc4 b5 8. Bd3
Bb7 9. e4 b4 10. Na4 Rc8 $6 (10... c5) 11. O-O (11. e5) 11... Be7 12. Be3 (12.
e5 $1) 12... c5 13. e5 Nd5 14. dxc5 Nxe3 15. fxe3 O-O 16. Bb5 Nxc5 17. Nxc5
Bxc5 18. Qe2 Qc7 19. Rac1 Bxf3 20. Qxf3 Qxe5 21. Rce1 Qxb2 22. Bd3 Qd2 23. Bb1
g6 24. Kh1 Bb6 25. Re2 Qc3 26. Rc2 Qg7 27. Rxc8 Rxc8 28. Qb7 Rd8 29. h3 f5 30.
Qxg7+ Kxg7 31. Re1 Kf6 32. g3 Bxe3 0-1

[Event "Mechanics' Summer TNM; G/2"]
[Site "San Francisco"]
[Date "2016.05.24"]
[Round "1.30"]
[White "Lourme, Nicholas R"]
[Black "Bayaraa, Bilguun"]
[Result "1-0"]
[WhiteElo "1808"]
[BlackElo "721"]
[PlyCount "33"]
[EventDate "2016.??.??"]

1. d4 d5 2. e3 Nf6 3. c4 e6 4. Nc3 Nc6 5. Nf3 Bb4 6. a3 Bxc3+ 7. bxc3 b6 8.
cxd5 Qxd5 9. c4 Qd6 10. Be2 O-O 11. O-O Bb7 12. Nd2 a6 13. Bf3 b5 14. Bb2 Rae8
15. Rc1 Bc8 16. cxb5 Ne7 17. Nc4 {
and White later won. Remaining moves unavailable.} 1-0

[Event "Mechanics' Summer TNM; G/2"]
[Site "San Francisco"]
[Date "2016.07.12"]
[Round "8.22"]
[White "Lourme, Nicholas R"]
[Black "Casares Jr, Nick"]
[Result "1-0"]
[WhiteElo "1808"]
[BlackElo "1600"]
[PlyCount "35"]
[EventDate "2016.??.??"]

1. d4 d5 2. Nf3 Bf5 3. e3 Nf6 4. c4 e6 5. Nc3 c5 6. cxd5 exd5 7. Bb5+ Nbd7 8.
O-O a6 9. Bxd7+ Qxd7 10. Ne5 Qd6 11. Qa4+ Nd7 12. Qd1 Nxe5 13. dxe5 Qg6 14.
Qxd5 Be7 15. Qxb7 O-O 16. Qf3 Bd3 17. Re1 f5 {Diagram [#]} 18. Qd5+ 1-0

[Event "Mechanics' Summer TNM; G/2"]
[Site "San Francisco"]
[Date "2016.06.28"]
[Round "6.25"]
[White "MacIntyre, Brendan"]
[Black "Ayinala, Shree"]
[Result "1/2-1/2"]
[WhiteElo "1554"]
[BlackElo "1758"]
[PlyCount "89"]
[EventDate "2016.??.??"]

1. d4 Nf6 2. c4 g6 3. Nc3 Bg7 4. Nf3 O-O 5. e3 d6 6. Be2 c5 7. O-O cxd4 8. exd4
d5 9. Bf4 a6 10. Qd2 Nc6 11. Rad1 Bg4 12. b3 e6 13. Bh6 Rb8 14. Bxg7 Kxg7 15.
h3 Bxf3 16. Bxf3 dxc4 17. bxc4 Qd7 18. d5 Rfd8 19. Qe2 exd5 20. Nxd5 Nxd5 21.
Bxd5 Qe7 22. Qf3 Ne5 23. Qc3 Qf6 24. Qb3 Nd7 25. Bf3 b5 26. cxb5 Rxb5 27. Qa4
Ne5 28. Be2 Rb6 29. Rxd8 Qxd8 30. Bxa6 Qa8 31. Qd4 Qxa6 32. Qxe5+ Rf6 33. Qb2
Kg8 34. Rd1 Kg7 35. g4 h6 36. a3 Kh7 37. Qd4 Rf3 38. Qe5 Qb6 39. Qe2 Rxa3 40.
Rd3 Qb1+ 41. Rd1 Qb3 42. Rd7 Qf3 43. Qxf3 Rxf3 44. Kg2 Rf6 45. Kg3 1/2-1/2

[Event "Mechanics' Alan Benson TNM; G/2"]
[Site "San Francisco"]
[Date "2016.09.20"]
[Round "8.26"]
[White "MacIntyre, Brendan"]
[Black "Boldi, Ethan Vaugh"]
[Result "0-1"]
[WhiteElo "1548"]
[BlackElo "1814"]
[PlyCount "72"]
[EventDate "2016.??.??"]

1. d4 e6 2. c4 b6 3. Nc3 Bb4 4. Nf3 Bb7 5. e3 Nf6 6. Be2 d5 7. O-O Nbd7 8. Qb3
Bxc3 9. bxc3 O-O 10. Ba3 Re8 11. cxd5 exd5 12. c4 Rb8 13. Qc2 Ne4 14. cxd5 Bxd5
15. Bc4 Bxc4 16. Qxc4 c5 17. dxc5 bxc5 18. Rad1 Qe7 19. Nd4 Ne5 20. Qc2 Qh4 21.
Nf5 Qg4 22. Nd6 Nf3+ 23. Kh1 Nxd6 24. Rxd6 Nh4 25. f3 Qh5 26. Qc3 Nf5 27. Rd2
Ng3+ 28. Kg1 Nxf1 29. Kxf1 Rb1+ 30. Ke2 Qxh2 31. Kd3 Re1 32. Bxc5 Qg1 33. e4
Qf1+ 34. Kd4 Rc1 35. Qb4 Qg1+ 36. Kd3 Qxc5 0-1